Missing 'F' Acronyms Quiz Stats

 Plays Quiz Updated Nov 30, 2018

Support Sporcle.
Go Orange.
Score 0/30 Timer 04:00
2 Plays Today
% Correct
Forever
96.1%
Friday
96%
Far
95.8%
Floor
95.8%
Football
95.8%
Future
94.9%
For
94.7%
Force
93.6%
Face
93.6%
Foreign
93.4%
Family
93.4%
Francis
93.2%
Female
92.9%
Film
91.7%
French
90.8%
% Correct
Fellowship
88.8%
Fund
88.2%
Field
87.2%
Fabriken
86.9%
Financial
86.4%
Form
86.1%
Federal
85.9%
Five
85%
Firemen
83.7%
Frequency
82.5%
Federation
79.7%
Fathers
79.5%
Free
76.1%
File
51.7%
Front
34.5%

You're not logged in!

Compare scores with friends on all Sporcle quizzes.
OR
Log In
Forgot?

From the Vault

Gender in TV Show Titles

by JoeBeta

Ladies and gentlemen, it's time to gather 'round your TV set.
Remove Ads.
Support Sporcle.
Get the best of Sporcle when you Go Orange. This ad-free experience offers more features, more stats, and more fun while also helping to support Sporcle. Thank you for becoming a member.

Show Comments

Extras

Top Quizzes Today


Score Distribution

Your Account Isn't Verified!

In order to create a playlist on Sporcle, you need to verify the email address you used during registration. Go to your Sporcle Settings to finish the process.

Report this User

Report this user for behavior that violates our Community Guidelines.

Details: